Zgadnij co to za bajka barbie - Statystyki

Ogólne statystyki
  • Ten quiz został rozwiązany 394 razy
  • Średni wynik to 29 z 38
Statystyki odpowiedzi
Zagadnienie Odpowiedź % Poprawnych
Zaznacz zdjęcie pasujące do bajki : Barbie jako Roszpunka
96%
Zaznacz zdjęcie pasujące do bajki: Barbie jako Księżniczka i Żebraczka
93%
Zaznacz zdjęcie pasujące do bajki: Barbie w Wigilijnej Opowieści
93%
Zaznacz zdjęcie pasujące do bajki: Barbie w świecie mody
93%
Zaznacz zdjęcie pasujące do bajki : Barbie w Dziadku do orzechów
92%
Zaznacz zdjęcie pasujące do bajki: Barbie z Jeziora Łabędziego
91%
Zaznacz zdjęcie pasujące do bajki: Barbie i 12 tańczących księżniczek
91%
Zaznacz zdjęcie pasujące do bajki: Barbie przedstawia Calineczkę
91%
Zaznacz zdjęcie pasujące do bajki: Barbie i magia pegaza
90%
Zaznacz zdjęcie pasujące do bajki:: Barbie i trzy muszkieterki
90%
Zaznacz zdjęcie pasujące do bajki: Barbie i tajemnicze drzwi
88%
Zaznacz zdjęcie pasujące do bajki: Barbie: Tajne agentki
87%
Zaznacz zdjęcie pasujące do bajki: Barbie: Akademia Księżniczek
85%
Zaznacz zdjęcie pasujące do bajki: Barbie: Idealne święta
85%
Zaznacz zdjęcie pasujące do bajki: Barbie w świecie gier
85%
Zaznacz zdjęcie pasujące do bajki: Barbie: Księżniczka i piosenkarka
82%
Zaznacz zdjęcie pasujące do bajki: Barbie i magiczne baletki
81%
Zaznacz zdjęcie pasujące do bajki: Barbie: Super Księżniczki
81%
Zaznacz zdjęcie pasujące do bajki: Barbie i jej siostry w Krainie Kucyków
80%
Zaznacz zdjęcie pasujące do bajki: Barbie i Diamentowy Pałac
79%
Zaznacz zdjęcie pasujące do bajki: Barbie: Przygody księżniczek
77%
Zaznacz zdjęcie pasujące do bajki: Barbie jako Księżniczka Wyspy
76%
Zaznacz zdjęcie pasujące do bajki: Barbie i sekret wróżek
76%
Zaznacz zdjęcie pasujące do bajki: Barbie: Mariposa i baśniowa księżniczka
76%
Zaznacz zdjęcie pasujące do bajki: Barbie: Gwiezdna przygoda
76%
Zaznacz zdjęcie pasujące do bajki: Barbie: Mariposa
70%
Zaznacz zdjęcie pasujące do bajki: Barbie i siostry: Wielka przygoda z pieskami
69%
Zaznacz zdjęcie pasujące do bajki: Barbie: Perłowa Księżniczka
68%
Zaznacz zdjęcie pasujące do bajki: Barbie i siostry na tropie piesków
67%
Zaznacz zdjęcie pasujące do bajki: Barbie i podwodna tajemnica
65%
Zaznacz zdjęcie pasujące do bajki: Barbie i podwodna tajemnica 2
64%
Zaznacz zdjęcie pasujące do bajki: Barbie: Syrenkolandia
63%
Zaznacz zdjęcie pasujące do bajki: Barbie i Chelsea: Zgubione urodziny
63%
Zaznacz zdjęcie pasujące do bajki: Barbie: Delfiny z Magicznej Wyspy
60%
Zaznacz zdjęcie pasujące do bajki: Barbie: Wielkie miasto, wielkie marzenia
58%
Zaznacz zdjęcie pasujące do bajki: Barbie: Wróżkolandia
51%
Zaznacz zdjęcie pasujące do bajki: Barbie i Magia Tęczy
51%
Zaznacz zdjęcie pasujące do bajki: Barbie: Rockowa Księżniczka
49%
Nie znaleziono quizów pasujących do podanych kryteriów
Rozkład punktacji
Procent ludzi z każdym wynikiem
Percentyl według liczby udzielonych odpowiedzi
Twoja historia wyników
Nie rozwiązałeś tego quizu